Imaging of optical diffraction radiation in pre-wave zone and spatial resolution of non-invasive beam size diagnostics; Nuclear Instruments and Methods in Physics Research Section B: Beam Interactions with Materials and Atoms; Vol. 266, iss. 17

Dades bibliogràfiques
Parent link:Nuclear Instruments and Methods in Physics Research Section B: Beam Interactions with Materials and Atoms.— , 2008
Vol. 266, iss. 17.— 2008.— P. 3797-3802
Autor principal: Potylitsyn A. P. Alexander Petrovich
Sumari:A simple model to evaluate the imaging shape of an optical diffraction radiation (ODR) source focused by a lens on a detector, taking into account the pre-wave zone effect has been developed. The characteristic size of an ODR image does not depend on the Lorentz-factor and is defined by the impact-parameter (minimal distance between a particle trajectory and ODR target edge) only. Using the ODR intensity component polarized parallel to the target edge it is possible to significantly improve the spatial resolution of an ODR beam profile monitor.
В фонде НТБ ТПУ отсутствует
Idioma:anglès
Publicat: 2008
Matèries:
Format: MixedMaterials Capítol de llibre
KOHA link:https://koha.lib.tpu.ru/cgi-bin/koha/opac-detail.pl?biblionumber=595861

MARC

LEADER 00000naa0a2200000 4500
001 595861
005 20250312111008.0
035 |a (RuTPU)RU\TPU\tpu\17707 
035 |a RU\TPU\tpu\17690 
090 |a 595861 
100 |a 20100621d2008 k||y0rusy50 ba 
101 0 |a eng 
102 |a NL 
200 1 |a Imaging of optical diffraction radiation in pre-wave zone and spatial resolution of non-invasive beam size diagnostics  |f A. P. Potylitsyn 
330 |a A simple model to evaluate the imaging shape of an optical diffraction radiation (ODR) source focused by a lens on a detector, taking into account the pre-wave zone effect has been developed. The characteristic size of an ODR image does not depend on the Lorentz-factor and is defined by the impact-parameter (minimal distance between a particle trajectory and ODR target edge) only. Using the ODR intensity component polarized parallel to the target edge it is possible to significantly improve the spatial resolution of an ODR beam profile monitor. 
333 |a В фонде НТБ ТПУ отсутствует 
461 |t Nuclear Instruments and Methods in Physics Research Section B: Beam Interactions with Materials and Atoms  |d 2008 
463 |t Vol. 266, iss. 17  |v P. 3797-3802  |d 2008 
610 1 |a труды учёных ТПУ 
700 1 |a Potylitsyn  |b A. P.  |c Russian physicist  |c Professor of the TPU  |f 1945-  |g Alexander Petrovich  |3 (RuTPU)RU\TPU\pers\26306  |9 12068 
801 1 |a RU  |b 63413507  |c 20100618 
801 2 |a RU  |b 63413507  |c 20140128  |g RCR 
942 |c CR